000 00608nam a2200205 i 4500
001 66230
003 ES-MaACL
005 20260623174045.0
007 t|
008 040129s1973 sp ||||1| spa d
100 1 _aGalante, Pierre.
_953322
245 1 0 _aMalraux
_b: una vida novelesca /
_cPierre Galante ; [traducción de, R. Hernández].
250 _a[1ª ed.].
260 _a[Barcelona] :
_bAymá,
_c[1973]
300 _a274 p., 6 lám. ;
_c20 cm.
600 1 4 _aMalraux, André,
_d1901-1976
_975859
700 1 _aHernández, R.
_962855
852 _aES-MaACL
_jC-53449
_bR.86420
999 _c66230
_d66230